00680cam a22002291 4500001001300000003000400013005001700017008004100034010001700075035001900092040001800111042001200129050001900141100004200160245004400202250001400246260004400260300002300304440004800327600005800375999001700433sa 66000259 DLC20260227112214.0781013s1964 ii 000 0 eng  asa 66000259  a(OCoLC)4291387 aDLCcMeBdDLC apremarc00aBL1146.T76bS51 aSharma, S. R.q(Shripad Rama),d1879-10aTukaram's teachingsc[by] S. R. Sharma. a[1st ed.] aBombay,bBharatiya Vidya Bhavan,c1964. avii, 60 p.c19 cm. 0aBhavan's book university.vRupee series, 2500aTukārāma,dapproximately 1608-approximately 1649. c67159d67159